|
|
|
|
| LEADER |
00000cam a2200000Ii 4500 |
| 001 |
005211069 |
| 005 |
20260603201630.0 |
| 008 |
191113s2019 mx a b 000 0 spa d |
| 020 |
|
|
|a 9786078657025
|q paperback
|
| 020 |
|
|
|a 607865702X
|q paperback
|
| 035 |
|
|
|a (OCoLC)1127393806
|
| 035 |
|
|
|a (ndu)005211069
|
| 040 |
|
|
|a UCW
|b eng
|e rda
|c UCW
|d UCW
|d OCLCF
|d IND
|d UtOrBLW
|
| 043 |
|
|
|a n-us---
|0 http://id.loc.gov/vocabulary/geographicAreas/n-us
|
| 049 |
|
|
|a INDU
|
| 050 |
|
4 |
|a BP52.5
|b .M43 2019
|
| 082 |
0 |
4 |
|a 305.6971
|2 23
|
| 100 |
1 |
|
|a Medina, Arely,
|e author.
|4 http://id.loc.gov/vocabulary/relators/aut
|0 http://id.loc.gov/authorities/names/n2015001123
|
| 245 |
1 |
0 |
|a Islam-latino :
|b identidades étnico-religiosas : un estudio de caso sobre los mexicanos musulmanes en Estados Unidos /
|c Arely Medina.
|
| 250 |
|
|
|a Primera edición.
|
| 264 |
|
1 |
|a Zapopan, Jalisco :
|b El Colegio de Jalisco ;
|a Tijuana, Baja California :
|b El Colegio de la Frontera Norte,
|c 2019.
|
| 300 |
|
|
|a 400 pages :
|b illustrations ;
|c 23 cm.
|
| 336 |
|
|
|a text
|b txt
|2 rdacontent
|0 http://rdaregistry.info/termList/RDAContentType/1020
|
| 337 |
|
|
|a unmediated
|b n
|2 rdamedia
|0 http://rdaregistry.info/termList/RDAMediaType/1007
|
| 338 |
|
|
|a volume
|b nc
|2 rdacarrier
|0 http://rdaregistry.info/termList/RDACarrierType/1049
|
| 340 |
|
|
|p illustration
|2 rdaill
|0 http://rdaregistry.info/termList/IllusContent/1014
|
| 490 |
1 |
|
|a Investigación
|
| 599 |
0 |
1 |
|a new
|d 20191212
|
| 599 |
1 |
0 |
|a auth
|d 20191212
|
| 504 |
|
|
|a Contains bibliographical references (pages 373-400)
|
| 505 |
0 |
|
|a Islam en movimiento : desde una reflexión de las prácticas contemporáneas y transnacionales -- Heterogeneidad racial y cultural en Estados Unidos : los latinos -- Islam en Estados Unidos : formas de integración religiosa, étnico-racial y social -- Cartografía del ciberentorno del islam latino -- Las propuestas del islam latino : palabra, imagen y memoria -- La Asociación Latino Musulmana de América (LALMA) -- Procesos de indentidad en mexicanos musulmanes -- Conclusiones : construcciones de identidad étnico-religiosa "Ser musulmán, latino y mexicano".
|
| 650 |
|
0 |
|a Muslims
|z Latin America
|x Ethnic identity.
|
| 650 |
|
0 |
|a Muslims
|z United States
|x Ethnic identity.
|
| 650 |
|
0 |
|a Islam
|z Mexico.
|
| 650 |
|
0 |
|a Transnationalism
|x Religious aspects.
|0 http://id.loc.gov/authorities/subjects/sh2018002916
|
| 650 |
|
0 |
|a Conversion
|x Islam.
|0 http://id.loc.gov/authorities/subjects/sh2015000959
|
| 650 |
|
0 |
|a Mexicans
|z United States.
|0 http://id.loc.gov/authorities/subjects/sh85084534
|
| 650 |
|
7 |
|a Muslims
|x Ethnic identity.
|2 fast
|0 (OCoLC)fst01031046
|
| 650 |
|
7 |
|a Muslims.
|2 fast
|0 (OCoLC)fst01031029
|
| 650 |
|
7 |
|a Islam.
|2 fast
|0 (OCoLC)fst00979776
|
| 650 |
|
7 |
|a Transnationalism
|x Religious aspects.
|2 fast
|0 (OCoLC)fst02003653
|
| 650 |
|
7 |
|a Transnationalism.
|2 fast
|0 (OCoLC)fst01154884
|
| 650 |
|
7 |
|a Conversion
|x Islam.
|2 fast
|0 (OCoLC)fst01920495
|
| 650 |
|
7 |
|a Conversion.
|2 fast
|0 (OCoLC)fst00877225
|
| 650 |
|
7 |
|a Mexicans.
|2 fast
|0 (OCoLC)fst01019244
|
| 651 |
|
7 |
|a Mexico.
|2 fast
|0 (OCoLC)fst01211700
|
| 651 |
|
7 |
|a United States.
|2 fast
|0 (OCoLC)fst01204155
|
| 651 |
|
7 |
|a Latin America.
|2 fast
|0 (OCoLC)fst01245945
|
| 830 |
|
0 |
|a Investigación (Colegio de Jalisco)
|0 http://id.loc.gov/authorities/names/no2011009663
|
| 994 |
|
|
|a C0
|b IND
|
| 902 |
|
|
|a MARS
|
| 999 |
f |
f |
|i 2b6bcabd-3554-5376-b1af-c8285e40b616
|s 103df121-bcef-4108-8ead-398240e3aaa4
|t 0
|
| 952 |
f |
f |
|p Circulating
|a University of Notre Dame
|b University of Notre Dame
|c Hesburgh Library
|s Hesburgh Library General Collection
|d Hesburgh Library General Collection
|t 0
|e BP 52.5 .M43 2019
|h Library of Congress classification
|i Book
|m 00000036246395
|